| 000 | 01086nam a22003017a 4500 | ||
|---|---|---|---|
| 003 | DO-SdBNP | ||
| 005 | 20250228114301.0 | ||
| 008 | 210426b 2021 dr 00| 0 spa d | ||
| 020 | _a9789945178623 | ||
| 040 |
_aBPMSU _bspa _cBPMSU |
||
| 082 | 4 |
_aRD863.5 _bC719L 2021 _222 |
|
| 092 | _a | ||
| 100 | 1 |
_aColón, Ania _d |
|
| 245 | 1 | 0 |
_aLírica con pinta, flow y metáforas / _cJania Colón ; ilustración: Henry Cid ; investigación: Laura V. Sánchez-Vincitore ; coordinación pedagógica: Cledenin Veras |
| 260 |
_aSanto Domingo: _bSM ; _bUniversidad Iberoamericana (UNIBE), _c2021 |
||
| 300 |
_a39 p. : _bilus. ; _c15 cm |
||
| 490 | 0 |
_3La Liga de la Esperanza ; _v18 |
|
| 590 | _aInventariado, 2023/VM | ||
| 650 | 4 | _aCuentos juveniles dominicanos | |
| 650 | 4 | _aLiteratura juvenil dominicana | |
| 650 | 4 | _v | |
| 650 | 4 | _aLiteratura juvenil dominicana | |
| 700 | 1 |
_3Sánchez-Vincitore, Laura V. _einvestigador |
|
| 700 | 1 |
_3Veras, Cledenin _ecoord. |
|
| 700 | 1 |
_aSánchez-Vincitore, Laura V. _e investigador |
|
| 910 | _aVMateo V. Control de calidad. BPMSU | ||
| 942 |
_2ddc _cBK |
||
| 999 |
_c14497 _d14497 |
||